000 00313nam a2200145 i 4500
001 bg
100 1 _aCHOJL, F.
245 0 _aGalaktiki, jadra i kvazary /
_cF. Chojl.
260 _aMoskva,
_c1968.
040 _cBPK
041 _apol
080 _a524
942 _cKS
008 s pl f |000 0 pol
999 _c8708
_d8708
856 _uhttp://koha.tu.koszalin.pl/cgi-bin/koha/opac-detail.pl?biblionumber=8708
_yKatalog online BPK